Culture Générale - Série 2143 - Statistiques

Statistiques générales
  • Ce quiz a été pris 96 fois
  • Le résultat moyen est 4 sur 10
Statistiques - réponses
Question Réponse % Correct
Selon le dicton, quel animal "échaudé craint l'eau froide" ? chat
91%
Quel est le plus grand lac d'Amérique du Sud en volume d'eau et en longueur, mais pas en superficie ? Titicaca
71%
Quel adjectif qualifie le bonnet souvent de teinte rouge, pouvant porter ou non une cocarde bleu-blanc-rouge ? C'est l'un des symboles de la République française et l'un des attributs de Marianne. phrygien
69%
Dans quel pays se trouve la région semi-aride "la Cappadoce" réputée pour ses ses cheminées de fées ? voir photo Turquie
60%
Quel mot familier se terminant par " t " signifie "baiser affectueux) ? bécot
49%
Dans quelle ville britannique se déroule l'action de la série télévisée "Peaky Blinders" ? Birmingham
36%
Dans quel département français se trouve la ville d'Eu ? Seine-Maritime
26%
Complétez le titre du roman de Stefan Zweig : "Amok ou le fou de ... Malaisie
8%
Fracture de la boîte crânienne avec enfoncement de la partie fracturée - mot de 9 lettres commençant par " e " embarrure
3%
En oenologie, comment appelle-t-on le fait de désinfecter (un tonneau) en y faisant brûler une mèche enduite de soufre ? méchage
0%
Aucun quiz correspondant
Distribution des résultats
% des personnes avec chaque résultat
Percentile par nombre de réponses
Votre historique - résultats
Vous n’avez pas pris ce quiz